[Event "Men's Championship of Saratov region 2013"]
[Site "Saratov"]
[Date "2013.06.07"]
[Round "8.3"]
[White "Guliev, Gasan"]
[Black "Palin, Denis"]
[Result "0-1"]
[WhiteElo "1985"]
[BlackElo "2145"]
[PlyCount "128"]
[EventDate "2013.06.01"]

1. e4 e6 2. d4 d5 3. Nd2 dxe4 4. Nxe4 Nd7 5. Nf3 Ngf6 6. Nxf6+ Nxf6 7. Bd3 c5
8. Bf4 Qb6 9. O-O Be7 10. Be5 O-O 11. Ng5 g6 12. Qf3 Nd7 13. Bf4 e5 14. dxc5
Nxc5 15. Be3 Bxg5 16. Bxg5 Nxd3 17. cxd3 f6 18. Be3 Qc6 19. Qg3 Bf5 20. d4 exd4
21. Bxd4 a6 22. Rac1 Qd5 23. Bc5 Rf7 24. a3 Rd8 25. h3 Rfd7 26. Bb6 Re8 27. Qc3
Qe5 28. Qf3 Qxb2 29. Bc5 Rd3 30. Qf4 Qe5 31. Qc4+ Qd5 32. Qa4 Re4 33. Bb4 Bd7
34. Qc2 Bc6 35. f3 Re8 36. Rfd1 Rd8 37. Rxd3 Qxd3 38. Qa2+ Qd5 39. Qe2 Qd4+ 40.
Kh1 Re8 41. Qa2+ Kg7 42. Bc3 Qf4 43. Re1 Rxe1+ 44. Bxe1 Qc1 45. Qe6 Qxa3 46.
Bd2 Qa1+ 47. Kh2 Qe5+ 48. Qxe5 fxe5 49. Bc3 Kf7 50. Bxe5 b5 51. Bc3 Ke6 52. Kg3
Kd5 53. Kf4 Kc4 54. Ba1 b4 55. Ke3 a5 56. Kd2 a4 57. Kc1 a3 58. Be5 b3 59. Bd6
b2+ 60. Kc2 Ba4+ 61. Kb1 Kb3 62. Bxa3 Kxa3 63. f4 Kb3 64. f5 Bc6 0-1

[Event "Men's Championship of Saratov region 2013"]
[Site "Saratov"]
[Date "2013.06.07"]
[Round "8.4"]
[White "Kvitka, Roman"]
[Black "Kruzhilin, Aleksey"]
[Result "1-0"]
[WhiteElo "2164"]
[BlackElo "1957"]
[PlyCount "73"]
[EventDate "2013.06.01"]

1. Nf3 Nf6 2. g3 d5 3. Bg2 e6 4. O-O Be7 5. d3 c5 6. Nbd2 Qc7 7. e4 Nc6 8. Re1
b6 9. Qe2 Bb7 10. e5 Nd7 11. Nf1 O-O-O 12. c3 Kb8 13. d4 Rdg8 14. Bg5 h6 15.
Bxe7 Nxe7 16. a4 Nc6 17. a5 Nxa5 18. dxc5 bxc5 19. b4 Nb3 20. Ra3 c4 21. N1d2
Nxd2 22. Qxd2 a6 23. Qe3 Qb6 24. Nd4 Kc7 25. Bf3 Ra8 26. Ra5 Bc6 27. Rea1 Rhb8
28. Bh5 g6 29. Bd1 Kb7 30. R1a2 Rd8 31. Qf4 Rf8 32. h4 Qc7 33. Re2 Rae8 34.
Qxh6 Nxe5 35. Rc5 Qb8 36. Qg7 Nd3 37. Nxc6 1-0

[Event "Men's Championship of Saratov region 2013"]
[Site "Saratov"]
[Date "2013.06.07"]
[Round "8.5"]
[White "Berezhnov, Dmitry"]
[Black "Zhdanov, Petr"]
[Result "1-0"]
[WhiteElo "1938"]
[BlackElo "2025"]
[PlyCount "87"]
[EventDate "2013.06.01"]

1. d4 Nf6 2. c4 g6 3. Nc3 d5 4. cxd5 Nxd5 5. e4 Nxc3 6. bxc3 Bg7 7. Bc4 O-O 8.
Be3 c5 9. Ne2 Nc6 10. O-O Bg4 11. f3 Na5 12. Bd3 c4 13. fxg4 cxd3 14. Qxd3 Qd7
15. g5 Rac8 16. d5 Nc4 17. Bd4 Ne5 18. Qg3 Nc4 19. Bxg7 Kxg7 20. Qh4 Rh8 21.
Qh6+ Kg8 22. Rf4 Ne5 23. Raf1 Qe8 24. Nd4 Qf8 25. Qh3 h6 26. Rh4 h5 27. Qg3 Nd7
28. e5 Qg7 29. Re4 Nc5 30. Re3 Kh7 31. Qh4 Rcd8 32. c4 a6 33. e6 fxe6 34. Nxe6
Nxe6 35. Rxe6 Rhf8 36. Rfe1 Rf7 37. Qe4 Rd7 38. h3 b5 39. c5 Rf5 40. c6 Rdxd5
41. Rxe7 Rf7 42. Qxd5 Rxe7 43. Rxe7 Qxe7 44. Qd7 1-0

[Event "Men's Championship of Saratov region 2013"]
[Site "Saratov"]
[Date "2013.06.07"]
[Round "8.6"]
[White "Baitzurov, Denis"]
[Black "Velichko, Tatiana"]
[Result "1-0"]
[WhiteElo "2093"]
[BlackElo "1862"]
[PlyCount "103"]
[EventDate "2013.06.01"]

1. d4 d5 2. c4 c6 3. Nc3 Nf6 4. Nf3 Bf5 5. cxd5 cxd5 6. Qb3 Bc8 7. Bg5 e6 8. e3
a6 9. Bd3 Be7 10. O-O O-O 11. Rfc1 Nbd7 12. Qd1 h6 13. Bh4 Nh5 14. Bxe7 Qxe7
15. Na4 Nhf6 16. Rc7 Ne8 17. Rc2 Nd6 18. Nc5 b6 19. Nxd7 Bxd7 20. Rac1 Rfc8 21.
Rxc8+ Bxc8 22. Rc6 b5 23. Qc2 Bb7 24. Rc7 Qd8 25. Ne5 Rc8 26. Rxc8 Qxc8 27. Qc5
Qxc5 28. dxc5 f6 29. Ng6 Nc8 30. b4 Kf7 31. f4 Na7 32. a3 Nc6 33. Nh4 d4 34.
Kf2 dxe3+ 35. Kxe3 Ne7 36. Be4 Bc8 37. Nf3 g5 38. g3 g4 39. Nd4 f5 40. Bg2 Kf6
41. Nc6 Nxc6 42. Bxc6 e5 43. fxe5+ Kxe5 44. Be8 Kd5 45. Kf4 Ke6 46. c6 Ke7 47.
Bd7 Bxd7 48. cxd7 Kxd7 49. Kxf5 h5 50. Kg5 Ke6 51. Kxh5 Kf5 52. Kh4 1-0

[Event "Men's Championship of Saratov region 2013"]
[Site "Saratov"]
[Date "2013.06.07"]
[Round "8.7"]
[White "Kavyev, Emil"]
[Black "Smirnov, Alexandr A"]
[Result "0-1"]
[WhiteElo "1691"]
[BlackElo "2155"]
[PlyCount "110"]
[EventDate "2013.06.01"]

1. e4 c5 2. Ne2 g6 3. Nbc3 Bg7 4. g3 Nc6 5. Bg2 e6 6. d3 Nge7 7. O-O O-O 8. f4
d6 9. h3 Rb8 10. g4 Nd4 11. Be3 b6 12. Bxd4 cxd4 13. Nb5 e5 14. f5 Nc6 15. Qd2
a6 16. Na3 b5 17. g5 f6 18. h4 Ne7 19. Ng3 fxg5 20. Qxg5 Bf6 21. Qh6 Kh8 22.
fxg6 Nxg6 23. Nh5 Nf4 24. Nxf4 exf4 25. Rxf4 Bg7 26. Rxf8+ Qxf8 27. Qg5 Be6 28.
Rf1 Qd8 29. Qxd8+ Rxd8 30. b3 Be5 31. Bf3 Rg8+ 32. Kh1 Rg3 33. Bg2 Kg7 34. Rf3
Rg4 35. Bh3 Rxh4 36. Kg2 Bf7 37. Bc8 Rh2+ 38. Kf1 b4 39. Nc4 Rxc2 40. Rf2 Rc3
41. Nxe5 dxe5 42. Bxa6 Be6 43. Kg2 Kg6 44. Kg3 Rc1 45. Bb5 Rg1+ 46. Kh2 Rd1 47.
Kg3 h5 48. Rc2 Kg5 49. Rh2 Bg4 50. Bc4 Re1 51. Rf2 h4+ 52. Kh2 Re2 53. Rxe2
Bxe2 54. a4 bxa3 55. b4 Bxd3 0-1

[Event "Men's Championship of Saratov region 2013"]
[Site "Saratov"]
[Date "2013.06.07"]
[Round "8.8"]
[White "Tatarinov, Andrey"]
[Black "Vdovin, Sergey"]
[Result "0-1"]
[WhiteElo "1743"]
[BlackElo "1675"]
[PlyCount "144"]
[EventDate "2013.06.01"]

1. d4 d5 2. f4 Nf6 3. Nf3 c5 4. e3 Bg4 5. c3 e6 6. Bd3 Nc6 7. O-O Bxf3 8. Qxf3
Bd6 9. Kh1 h5 10. b3 cxd4 11. exd4 Rc8 12. f5 e5 13. dxe5 Nxe5 14. Bb5+ Kf8 15.
Qd1 a6 16. Be2 h4 17. Bg5 Be7 18. Qd4 Nc6 19. Qf4 h3 20. g3 Ne4 21. Bxe7+ Qxe7
22. c4 Nxg3+ 23. Qxg3 Qxe2 24. Nc3 Qg2+ 25. Qxg2 hxg2+ 26. Kxg2 dxc4 27. bxc4
Ne5 28. Rad1 Nxc4 29. Rfe1 Re8 30. Nd5 Rh6 31. Nc7 Rxe1 32. Rxe1 Nd6 33. Rb1
Ke7 34. Nd5+ Kd7 35. Ne3 b5 36. Ng4 Rh8 37. Ne5+ Ke7 38. Re1 Kf6 39. Nd7+ Kxf5
40. Rd1 Nc4 41. Rd3 Rd8 42. Rf3+ Kg6 43. Rd3 Re8 44. Kf2 f6 45. Nc5 a5 46. Nb7
Rc8 47. Rd5 Na3 48. Rd2 a4 49. Nd6 Nc4 50. Nxc8 Nxd2 51. Ke3 Nf1+ 52. Kd4 b4
53. h3 Nd2 54. Kd3 Nf3 55. Kc4 b3 56. axb3 axb3 57. Kxb3 Ng5 58. h4 Nf3 59.
Ne7+ Kh5 60. Kc3 Nxh4 61. Kd3 Kg4 62. Ke2 Kg3 63. Kf1 g5 64. Kg1 f5 65. Nd5 f4
66. Nc3 Kf3 67. Nb1 Ke3 68. Nc3 g4 69. Nd5+ Kf3 70. Nb6 g3 71. Nc4 Ke2 72. Nd6
f3 0-1

[Event "Men's Championship of Saratov region 2013"]
[Site "Saratov"]
[Date "2013.06.07"]
[Round "8.9"]
[White "Bolychevsky, Alexander"]
[Black "Fedukin, Alexandre"]
[Result "1-0"]
[WhiteElo "1856"]
[BlackElo "1862"]
[PlyCount "110"]
[EventDate "2013.06.01"]

1. Nf3 e6 2. g3 b6 3. c4 Nf6 4. Bg2 d5 5. O-O c6 6. d4 Ba6 7. cxd5 cxd5 8. Re1
Be7 9. Nc3 O-O 10. Ne5 Nfd7 11. Nxd7 Nxd7 12. e4 Nf6 13. exd5 Nxd5 14. Nxd5
exd5 15. Qa4 Bb7 16. Be3 a6 17. Rac1 b5 18. Qb3 Qd7 19. Rc2 Rac8 20. Rec1 Rxc2
21. Rxc2 Bf6 22. Rc5 Be7 23. Rc3 Bf6 24. Qc2 Rc8 25. Rxc8+ Bxc8 26. Qc5 Bb7 27.
Qa7 h6 28. Qb8+ Kh7 29. Bf1 g6 30. h4 Kg7 31. Qf4 g5 32. hxg5 hxg5 33. Qf3 Bc8
34. Bg2 Bb7 35. Bf1 Bc8 36. Bg2 Bb7 37. Bf1 Bc8 38. Bd3 Qg4 39. Qxg4 Bxg4 40.
Kf1 Bf3 41. a4 bxa4 42. Bxa6 Bd1 43. Ke1 Bb3 44. Kd2 Bd8 45. Kd3 Kf6 46. g4 Be7
47. Bd2 a3 48. bxa3 Bxa3 49. Ba5 Ke7 50. Kc3 Bd1 51. Bc8 Kd6 52. Bb4+ Bxb4+ 53.
Kxb4 Bc2 54. Ka5 Kc7 55. Bf5 Kd6 1-0

[Event "Men's Championship of Saratov region 2013"]
[Site "Saratov"]
[Date "2013.06.07"]
[Round "8.10"]
[White "Upolovnev, Vladimir"]
[Black "Kavyev, Ruslan"]
[Result "0-1"]
[WhiteElo "1893"]
[BlackElo "1835"]
[PlyCount "88"]
[EventDate "2013.06.01"]

1. e4 e5 2. Nf3 Nc6 3. d4 exd4 4. Bc4 Nf6 5. e5 d5 6. Bb5 Ne4 7. Nxd4 Bd7 8.
Bxc6 bxc6 9. O-O h6 10. Nd2 Nxd2 11. Bxd2 Bc5 12. Nb3 Bb6 13. Bb4 Qg5 14. Kh1
O-O-O 15. f4 Qg4 16. Qd2 Bf5 17. a4 a6 18. a5 Ba7 19. Bc5 Kb8 20. Qd4 Bxc5 21.
Nxc5 Bc8 22. Ra3 Qe2 23. Qg1 Rhe8 24. Rf2 Qc4 25. Rc3 Qd4 26. Nb3 Qb4 27. Qf1
Bb7 28. Rd2 f6 29. h3 fxe5 30. fxe5 Rxe5 31. Rd4 Qe7 32. Rd1 Rf8 33. Qg1 Re2
34. Nd4 Ref2 35. Nf3 Re2 36. Nd4 Ref2 37. Nf3 Re2 38. Nd4 Re5 39. Nxc6+ Bxc6
40. Rxc6 Ref5 41. Qd4 Qe2 42. Rg6 Rf1+ 43. Rxf1 Rxf1+ 44. Kh2 Qe1 0-1

[Event "Men's Championship of Saratov region 2013"]
[Site "Saratov"]
[Date "2013.06.09"]
[Round "9.2"]
[White "Karpenko, Artem"]
[Black "Nurdinov, Iliya"]
[Result "1-0"]
[WhiteElo "2043"]
[BlackElo "1951"]
[PlyCount "109"]
[EventDate "2013.06.01"]

1. e4 c5 2. Nf3 g6 3. Bc4 Bg7 4. c3 e6 5. O-O Nc6 6. Re1 Nge7 7. d4 cxd4 8.
cxd4 d5 9. exd5 exd5 10. Bb3 O-O 11. Nc3 Bg4 12. Be3 Na5 13. Bg5 f6 14. Bf4
Nxb3 15. Qxb3 Bxf3 16. gxf3 Qd7 17. Rac1 Kh8 18. Bg3 Rac8 19. Kg2 h5 20. Qb5
Qxb5 21. Nxb5 Nf5 22. Rc5 h4 23. Bf4 Rfd8 24. Nd6 Rxc5 25. dxc5 Nxd6 26. Bxd6
Rd7 27. Rd1 b6 28. b4 bxc5 29. bxc5 Kg8 30. Rxd5 Bf8 31. Kh3 g5 32. f4 Be7 33.
fxg5 fxg5 34. Re5 Bxd6 35. Rxg5+ Kf8 36. Rd5 Rf7 37. cxd6 Ke8 38. d7+ Kd8 39.
Rd2 Rf4 40. Kg2 a5 41. Rd3 a4 42. a3 Rc4 43. Kf3 Rc2 44. h3 Rc4 45. Ke3 Rc1 46.
f4 Re1+ 47. Kf3 Rg1 48. f5 Rf1+ 49. Ke4 Re1+ 50. Kf4 Rf1+ 51. Kg5 Rg1+ 52. Kxh4
Rg8 53. f6 Rg1 54. Kh5 Rg8 55. f7 1-0

[Event "Men's Championship of Saratov region 2013"]
[Site "Saratov"]
[Date "2013.06.09"]
[Round "9.3"]
[White "Palin, Denis"]
[Black "Borisovsky, Viktor"]
[Result "1/2-1/2"]
[WhiteElo "2145"]
[BlackElo "2152"]
[PlyCount "95"]
[EventDate "2013.06.01"]

1. c4 e5 2. Nc3 Nf6 3. g3 Bb4 4. Bg2 Bxc3 5. dxc3 O-O 6. e4 d6 7. Qe2 h6 8. Nf3
Be6 9. O-O Qd7 10. Nh4 Nc6 11. Be3 g5 12. Qf3 Ng4 13. Nf5 Bxf5 14. exf5 Nf6 15.
g4 e4 16. Qh3 Kg7 17. Qg3 Ne5 18. Bd4 Rae8 19. c5 b6 20. cxd6 Qxd6 21. h3 c5
22. Be3 Qb8 23. b3 Nd3 24. Qxb8 Rxb8 25. Rad1 Rbd8 26. Rd2 Nf4 27. Rfd1 Rxd2
28. Rxd2 N4d5 29. c4 Nxe3 30. fxe3 Re8 31. Kf2 h5 32. Kg3 hxg4 33. hxg4 Kf8 34.
Rd6 Ke7 35. Rd2 Rd8 36. Rxd8 Kxd8 37. Bf1 Kd7 38. Be2 Kd6 39. Kf2 a6 40. a4 Nd7
41. Ke1 Ne5 42. Kd2 Nc6 43. Kc3 Ke5 44. Kd2 f6 45. Bd1 Ne7 46. Be2 Nc8 47. Kc3
Nd6 48. Kd2 1/2-1/2

[Event "Men's Championship of Saratov region 2013"]
[Site "Saratov"]
[Date "2013.06.09"]
[Round "9.4"]
[White "Berezhnov, Dmitry"]
[Black "Guliev, Gasan"]
[Result "0-1"]
[WhiteElo "1938"]
[BlackElo "1985"]
[PlyCount "142"]
[EventDate "2013.06.01"]

1. d4 Nf6 2. c4 g6 3. Nc3 Bg7 4. Nf3 O-O 5. g3 d6 6. Bg2 Nbd7 7. O-O c6 8. b3
Qc7 9. Qc2 b6 10. Re1 Bb7 11. e4 e5 12. Ba3 Rfe8 13. Rad1 Bf8 14. b4 a6 15. Bc1
Rac8 16. dxe5 dxe5 17. a3 c5 18. b5 a5 19. Bh3 Rcd8 20. Bg5 Bg7 21. Bxd7 Rxd7
22. Bxf6 Bxf6 23. Rxd7 Qxd7 24. Rd1 Qg4 25. Qe2 Bd8 26. Kg2 f5 27. h3 Qh5 28.
Rd6 fxe4 29. Nxe4 Qf5 30. Nfd2 Bc8 31. g4 Qf7 32. Qf3 Qg7 33. Nf6+ Bxf6 34.
Qxf6 Qxf6 35. Rxf6 Re6 36. Rxe6 Bxe6 37. Kf3 Kg7 38. Ke4 Kf6 39. f3 g5 40. Kd3
h6 41. Nb1 Ke7 42. Nc3 Kd6 43. Nd1 Bf7 44. Ne3 Bg6+ 45. Ke2 Bf7 46. Kd2 h5 47.
Kd3 Bg6+ 48. Kc3 hxg4 49. hxg4 e4 50. fxe4 Bxe4 51. Kd2 Ke5 52. Nd1 Bf3 53. Ne3
Kd4 54. a4 Be4 55. Nd1 Kxc4 56. Nf2 Kd4 57. Nh3 Bf3 58. Nxg5 Bxg4 59. Kc2 c4
60. Nf7 Bf5+ 61. Kc1 Be6 62. Ng5 Bd5 63. Nh7 Kc3 64. Nf6 Be6 65. Ne8 Bc8 66.
Nd6 Bd7 67. Nf7 Kb4 68. Nd6 Be6 69. Kb2 c3+ 70. Kc1 Kxa4 71. Kb1 Kb3 0-1

[Event "Men's Championship of Saratov region 2013"]
[Site "Saratov"]
[Date "2013.06.09"]
[Round "9.5"]
[White "Smirnov, Alexandr A"]
[Black "Bolychevsky, Alexander"]
[Result "1-0"]
[WhiteElo "2155"]
[BlackElo "1856"]
[PlyCount "121"]
[EventDate "2013.06.01"]

1. e4 e6 2. d4 d5 3. Nc3 Nf6 4. e5 Nfd7 5. Nf3 c5 6. dxc5 Bxc5 7. Bd3 Nc6 8.
Bf4 h6 9. h4 a6 10. Qe2 Qc7 11. Bg3 Nd4 12. Nxd4 Bxd4 13. O-O Bxe5 14. Nxd5
exd5 15. Rae1 O-O 16. Bxe5 Nxe5 17. Qxe5 Qxe5 18. Rxe5 Be6 19. Bf5 Bxf5 20.
Rxf5 Rad8 21. Rd1 Rfe8 22. Kf1 Re4 23. g3 d4 24. f3 Re3 25. Kf2 Rde8 26. Rd2
Re1 27. Rd5 Rb1 28. b3 Rb2 29. R5xd4 Rxa2 30. Rd7 Rc8 31. Rd8+ Rxd8 32. Rxd8+
Kh7 33. Rc8 Kg6 34. Ke3 Kf6 35. Kd3 Ke6 36. Rc7 b5 37. Ra7 b4 38. g4 a5 39. f4
Ra1 40. Ra6+ Ke7 41. g5 hxg5 42. hxg5 Rd1+ 43. Ke4 Re1+ 44. Kf5 g6+ 45. Kg4 Rc1
46. Rxa5 Rxc2 47. Rb5 Rc3 48. Rxb4 Re3 49. f5 gxf5+ 50. Kxf5 Rf3+ 51. Kg4 Rf1
52. Re4+ Kf8 53. b4 f5+ 54. gxf6 Rxf6 55. b5 Kf7 56. Re5 Re6 57. Kf5 Rxe5+ 58.
Kxe5 Ke7 59. Kd5 Kd7 60. b6 Kd8 61. Kd6 1-0

[Event "Men's Championship of Saratov region 2013"]
[Site "Saratov"]
[Date "2013.06.09"]
[Round "9.6"]
[White "Vdovin, Sergey"]
[Black "Baitzurov, Denis"]
[Result "0-1"]
[WhiteElo "1675"]
[BlackElo "2093"]
[PlyCount "112"]
[EventDate "2013.06.01"]

1. e4 c6 2. c4 d5 3. exd5 cxd5 4. cxd5 Qxd5 5. d4 e5 6. Nf3 exd4 7. Qxd4 Qxd4
8. Nxd4 Bb4+ 9. Nc3 Nf6 10. Bb5+ Bd7 11. O-O O-O 12. Bg5 Bxc3 13. bxc3 Ne4 14.
Bf4 Nxc3 15. Bd3 Nc6 16. Nb5 Nxb5 17. Bxb5 a6 18. Bc4 Rfe8 19. Bd5 Be6 20. Bf3
Nd4 21. a4 Nxf3+ 22. gxf3 b5 23. Kg2 bxa4 24. Rxa4 Bd7 25. Ra3 Bb5 26. Rb1 Rac8
27. Re3 h6 28. Bd6 Red8 29. Bb4 Rc6 30. h3 Rg6+ 31. Kh2 Re8 32. Rc1 Rxe3 33.
fxe3 Be2 34. f4 Bf3 35. Rg1 Kh7 36. Rxg6 Kxg6 37. Kg3 Be4 38. Bc3 f6 39. Kh4
Kf5 40. Kg3 Bc2 41. h4 Ke4 42. Kf2 Kd3 43. Bd4 a5 44. Kg3 a4 45. Kg4 Ke4 46.
Kg3 a3 47. Kg2 Kd3 48. Kg3 a2 49. Kg4 Ke4 50. Kg3 Bd1 51. Kf2 Kd3 52. Kg3 Bh5
53. Kf2 Bg4 54. Ke1 f5 55. Bxg7 h5 56. Bd4 Bf3 0-1

[Event "Men's Championship of Saratov region 2013"]
[Site "Saratov"]
[Date "2013.06.09"]
[Round "9.7"]
[White "Zhdanov, Petr"]
[Black "Kavyev, Ruslan"]
[Result "1/2-1/2"]
[WhiteElo "2025"]
[BlackElo "1835"]
[PlyCount "82"]
[EventDate "2013.06.01"]

1. e4 e5 2. d4 exd4 3. Qxd4 Nc6 4. Qe3 Nf6 5. Nc3 Be7 6. Bc4 O-O 7. Nf3 d6 8.
O-O Bg4 9. Nd4 Ne5 10. Be2 Bxe2 11. Qxe2 Qd7 12. f4 Nc6 13. Nf5 d5 14. Nxe7+
Qxe7 15. e5 Qc5+ 16. Kh1 d4 17. exf6 dxc3 18. Qg4 g6 19. f5 Ne5 20. Qh3 Rfd8
21. bxc3 Rd5 22. a4 Qd6 23. fxg6 hxg6 24. Ba3 c5 25. Qh6 Qf8 26. Qf4 Nc6 27. g4
Rad8 28. Rae1 g5 29. Qg3 Qh6 30. Re2 Rd1 31. Ref2 b6 32. Rxd1 Rxd1+ 33. Kg2 Qg6
34. Qf3 Rd6 35. Bc1 Ne5 36. Qf5 Re6 37. h3 Qxf5 38. Rxf5 Ng6 39. Bxg5 Re2+ 40.
Rf2 Re4 41. Rd2 Rxa4 1/2-1/2

[Event "Men's Championship of Saratov region 2013"]
[Site "Saratov"]
[Date "2013.06.09"]
[Round "9.8"]
[White "Velichko, Tatiana"]
[Black "Kruzhilin, Aleksey"]
[Result "1-0"]
[WhiteElo "1862"]
[BlackElo "1957"]
[PlyCount "81"]
[EventDate "2013.06.01"]

1. e4 Nf6 2. e5 Nd5 3. d4 d6 4. c4 Nb6 5. exd6 exd6 6. Nf3 Be7 7. Nc3 O-O 8.
Be2 Bg4 9. b3 N8d7 10. O-O Nf6 11. h3 Bh5 12. Be3 a5 13. d5 Nbd7 14. Nd4 Bxe2
15. Qxe2 Re8 16. Nf5 Bf8 17. Qd2 Ne5 18. Bg5 h6 19. Bf4 Qd7 20. Qc2 Nh5 21. Be3
Ng6 22. Ne2 Re5 23. g4 Nf6 24. Bd4 Ree8 25. Nxh6+ gxh6 26. Bxf6 Ne5 27. Ng3 c6
28. f4 Ng6 29. Nh5 Qc7 30. Bd4 Be7 31. Qf5 Qd8 32. Rae1 Nh4 33. Nf6+ Kf8 34.
Qh7 Bxf6 35. Qxh6+ Kg8 36. Rxe8+ Qxe8 37. Qxf6 Nf3+ 38. Rxf3 Qe1+ 39. Kg2 Qe2+
40. Kg3 Qe1+ 41. Rf2 1-0

[Event "Men's Championship of Saratov region 2013"]
[Site "Saratov"]
[Date "2013.06.09"]
[Round "9.9"]
[White "Tatarinov, Andrey"]
[Black "Gagarkine, Nikolay"]
[Result "1-0"]
[WhiteElo "1743"]
[BlackElo "1916"]
[PlyCount "120"]
[EventDate "2013.06.01"]

1. d4 d5 2. f4 Nf6 3. Nf3 c5 4. e3 Bf5 5. c3 Ne4 6. Bd3 h6 7. Qc2 c4 8. Bxe4
Bxe4 9. Qe2 b5 10. Nbd2 Bd3 11. Qf2 Nc6 12. Ne5 Nxe5 13. fxe5 e6 14. Nf3 Be7
15. Bd2 a5 16. Qg3 O-O 17. e4 dxe4 18. Bxh6 g6 19. Bxf8 Kxf8 20. Qh3 Kg7 21.
Nd2 b4 22. Kf2 Bg5 23. Nf1 Qe7 24. g3 bxc3 25. bxc3 Qa3 26. Rd1 Qb2+ 27. Kg1
Qe2 28. Ra1 Rb8 29. Qg2 Rb2 30. Qxe2 Rxe2 31. h4 Bd2 32. Nxd2 Rxd2 33. Rh2 Rxh2
34. Kxh2 g5 35. Re1 Kg6 36. Kh3 f5 37. exf6 Kxf6 38. h5 a4 39. Kg4 a3 40. h6
Kg6 41. h7 Kxh7 42. Kxg5 Kg7 43. g4 Bc2 44. Kf4 Bb3 45. Re2 Kf6 46. Kxe4 Kg5
47. Ke5 Kxg4 48. Kxe6 Kf3 49. Rh2 Ke3 50. d5 Kd3 51. d6 Ba4 52. Rh3+ Kc2 53. d7
Bxd7+ 54. Kxd7 Kb2 55. Kc6 Kxa2 56. Kc5 Kb3 57. Kd4 a2 58. Rh1 Kb2 59. Kxc4
a1=Q 60. Rxa1 Kxa1 1-0

[Event "Men's Championship of Saratov region 2013"]
[Site "Saratov"]
[Date "2013.06.09"]
[Round "9.10"]
[White "Fedukin, Alexandre"]
[Black "Kavyev, Emil"]
[Result "1-0"]
[WhiteElo "1862"]
[BlackElo "1691"]
[PlyCount "49"]
[EventDate "2013.06.01"]

1. c4 c5 2. Nf3 Nf6 3. Nc3 Nc6 4. d4 cxd4 5. Nxd4 g6 6. e4 d6 7. Be2 Bg7 8. Be3
O-O 9. O-O Nxd4 10. Qxd4 Ng4 11. Qd2 Nxe3 12. Qxe3 b6 13. Rad1 Be6 14. b3 Rc8
15. h3 h5 16. Nd5 Kh7 17. Bd3 Bxd5 18. exd5 f5 19. Rfe1 Bf6 20. g4 fxg4 21.
hxg4 Bh4 22. Re2 hxg4 23. Qe6 Bf6 24. Kg2 Rh8 25. Qf7+ 1-0